| 000 | 00700nam a2200193 i 4500 | ||
|---|---|---|---|
| 001 | 173367 | ||
| 003 | ES-MaACL | ||
| 005 | 20230906215225.0 | ||
| 008 | 091127s1975 pr |||| | spa d | ||
| 080 | _a373.311.24(729.5) | ||
| 100 | 1 |
_aNieves Falcón, Luis. _985731 |
|
| 245 | 1 | 4 |
_aLos maestros de instrucción pública de Puerto Rico _b: (perfiles sociológicos y profesionales) / _cLuis Nieves Falcón, Patria Cintrón de Crespo. |
| 250 | _a2ª ed. | ||
| 260 |
_aSan Juan [Puerto Rico] : _bEditorial Universitaria, _c1975. |
||
| 300 |
_a167 p., 2 h. ; _c20 cm. |
||
| 650 | 4 |
_aEnseñanza- _zPuerto Rico. _9163434 |
|
| 700 | 1 |
_aCintrón de Crespo, Patria. _9163477 |
|
| 852 |
_aES-MaACL _jC-57029 |
||
| 999 |
_c173367 _d173367 |
||